[Event "Barcelona Sants op 08th"]
[Site "Barcelona"]
[Date "2006.08.25"]
[Round "1"]
[White "Moskalenko, Viktor"]
[Black "Vinas Serrano, Jordi"]
[Result "1-0"]
[WhiteElo "2543"]
[BlackElo "2040"]
[PlyCount "43"]
[EventDate "2006.08.25"]
[EventType "swiss"]
[EventRounds "10"]
[EventCountry "ESP"]
[SourceTitle "CBM 113 Extra"]
[Source "ChessBase"]
[SourceDate "2006.09.14"]
[SourceVersion "1"]
[SourceVersionDate "2006.09.14"]
[SourceQuality "1"]

1. d4 Nf6 2. Bg5 d5 3. Nc3 e6 4. e4 dxe4 5. Nxe4 Be7 6. Bxf6 Bxf6 7. Nf3 0-0 8. Qe2 b6 9. Nxf6+ Qxf6 10. Qe4 c6 11. Bd3 g6 12. Ne5 Bb7 13. h4 Qg7 14. h5 f5 15. Qe3 Nd7 16. hxg6 hxg6 17. Nxd7 Qxd7 18. Qe5 Qg7 19. Qxe6+ Rf7 20. Bc4 Rd8 21. Qxf7+ Qxf7 22. Bxf7+ 1-0

[Event "Vila de Poblenou op"]
[Site "Barcelona"]
[Date "2001.08.17"]
[Round "2.16"]
[White "Jimenez Villena, Francisco Jose"]
[Black "Vinas Serrano, Jordi"]
[Result "1-0"]
[WhiteElo "2228"]
[BlackElo "2080"]
[PlyCount "53"]
[EventDate "2001.08.16"]
[EventType "swiss"]
[EventRounds "9"]
[EventCountry "ESP"]
[SourceTitle "EXT 2002"]
[Source "ChessBase"]
[SourceDate "2001.11.25"]
[SourceVersion "1"]
[SourceVersionDate "2001.11.25"]
[SourceQuality "1"]

1. d4 Nf6 2. Nf3 c5 3. e3 e6 4. Bd3 g6 5. 0-0 Bg7 6. c3 d5 7. Nbd2 0-0 8. e4 dxe4 9. Nxe4 Nxe4 10. Bxe4 cxd4 11. Nxd4 a6 12. Nb3 Qc7 13. Be3 f5 14. Bf3 Rd8 15. Qc2 e5 16. Rfd1 Rxd1+ 17. Rxd1 e4 18. Be2 Nc6 19. Nc5 f4 20. Bc1 Bf5 21. Qb3+ Kh8 22. Qxb7 Qxb7 23. Nxb7 g5 24. Rd6 Ne5 25. Rxa6 Rf8 26. Nd6 Bg6 27. Nc4 1-0